000 00301nam a2200121 i 4500
001 bg
245 0 _aWybrane problemy wzrostu i funkcjonowania gospodarki socjalistycznej.
260 _aSzczecin,
_c1980.
040 _cBPK
041 _apol
942 _cKS
008 s pl f |000 0 pol
999 _c19808
_d19808
856 _uhttp://koha.tu.koszalin.pl/cgi-bin/koha/opac-detail.pl?biblionumber=19808
_yKatalog online BPK